I 10 eserciti più forti del mondo - Gli eserciti più grandi - Statistics

Statistiche generali
  • Questo quiz è stato fatto 96 volte
  • Il punteggio medio è 5 su 10
Answers on the Grid
Answers color-coded by a green-red scale on the quiz's grid according to % correct below.
Cina
India
Egitto
Corea del Sud
Israele
Giappone
Iran
Stati Uniti
Regno Unito
Australia
Polonia
Francia
Taiwan
Russia
Ucraina
Turchia
Spagna
Italia
Vietnam
Arabia Saudita
 
Statistiche sulle risposte
Risposta % Corretto
Cina
96%
Stati Uniti
88%
Russia
79%
India
58%
Regno Unito
54%
Francia
50%
Giappone
40%
Italia
25%
Corea del Sud
23%
Turchia
23%
Nessun quiz corrispondente trovato
Distribuzione punteggi
Percentuale di utenti per punteggio
Percentile per numero di risposta
I tuoi punteggi nel tempo
Non hai fatto questo quiz